[Event "FIDE World Cup American Qual Final"]
[White "Bachmann,Axel"]
[Black "Moradiabadi,Elshan"]
[Site "Tornelo INT"]
[Round "3"]
[Annotator ""]
[Result "1/2-1/2"]
[Date "2021.05.30"]
[WhiteElo "2599"]
[BlackElo "2555"]
[PlyCount "131"]

1. c4 e5 2. Nc3 Bb4 3. Nd5 Bc5 4. Nf3 c6 5. Nc3 d6 6. e3 Bb4 7. Qc2 f5 8. a3 Ba5 9. d4 e4 10. Nd2 Nf6 11. b4 Bc7 12. Bb2 O-O 13. Be2 d5 14. Rc1 a5 15. cxd5 axb4 16. axb4 cxd5 17. Ncxe4 fxe4 18. Qxc7 Qxc7 19. Rxc7 Nc6 20. b5 Nb4 21. O-O Bg4 22. f3 exf3 23. gxf3 Bf5 24. Rf2 Rfc8 25. Rxc8+ Rxc8 26. Nb3 b6 27. Bf1 Bd3 28. Nc1 Bxf1 29. Kxf1 g5 30. Rg2 g4 31. h3 h5 32. hxg4 hxg4 33. fxg4 Ne4 34. Ke2 Rc2+ 35. Kf3 Nd2+ 36. Rxd2 Rxd2 37. Bc3 Rc2 38. Bxb4 Rxc1 39. Kf4 Rb1 40. Bd6 Rxb5 41. Ke5 Kf7 42. g5 Kg6 43. Ke6 Kxg5 44. Kd7 Kf5 45. Kc6 Ra5 46. Kxb6 Ra4 47. Kc6 Ke4 48. Bf4 Ra6+ 49. Kc5 Ra5+ 50. Kb6 Ra3 51. Kc5 Rb3 52. Kc6 Rc3+ 53. Kd6 Rc1 54. Bg5 Ra1 55. Bf4 Ra8 56. Kc6 Rg8 57. Kd6 Rg6+ 58. Kc5 Rf6 59. Bg5 Rf5 60. Bf4 Kd3 61. Kd6 Kc4 62. Ke6 Rh5 63. Kd6 Rh7 64. Ke6 Rh8 65. Kd6 Re8 66. Kd7 1/2-1/2

[Event "FIDE World Cup American Qual Final"]
[White "Bachmann,Axel"]
[Black "Tang,Andrew"]
[Site "Tornelo INT"]
[Round "5"]
[Annotator ""]
[Result "1-0"]
[Date "2021.05.30"]
[WhiteElo "2599"]
[BlackElo "2538"]
[PlyCount "63"]

1. c4 e6 2. Nf3 d5 3. e3 Nf6 4. b3 Bd6 5. Bb2 O-O 6. Nc3 b6 7. Rc1 a6 8. cxd5 exd5 9. d4 Bb7 10. g3 Nbd7 11. Bg2 Re8 12. O-O Ne4 13. Re1 Qf6 14. Re2 Rad8 15. Rec2 Qf5 16. Nh4 Qe6 17. Nf3 Qh6 18. Qe2 Ndf6 19. Ne5 Nxc3 20. Bxc3 Ne4 21. Bb2 Re6 22. Rxc7 Bxc7 23. Rxc7 Nd6 24. Ba3 Rxe5 25. dxe5 Nb5 26. Rxb7 Qc6 27. Re7 Nxa3 28. e6 Nb5 29. Qh5 Nd6 30. Bxd5 Qc1+ 31. Kg2 Kf8 32. Rxf7+ 1-0

[Event "FIDE World Cup American Qual Final"]
[White "Hungaski,Robert Andrew"]
[Black "Bachmann,Axel"]
[Site "Tornelo INT"]
[Round "6"]
[Annotator ""]
[Result "0-1"]
[Date "2021.05.30"]
[WhiteElo "2514"]
[BlackElo "2599"]
[PlyCount "122"]

1. e4 g6 2. d4 Bg7 3. Nc3 d6 4. Nf3 Nf6 5. h3 c6 6. Bd3 O-O 7. Be3 Nbd7 8. O-O e5 9. a4 a5 10. dxe5 dxe5 11. Nd2 Qe7 12. Nb3 Nh5 13. Re1 Nf4 14. Bf1 Ne6 15. Qd3 Rd8 16. Rad1 Nb6 17. Qxd8+ Nxd8 18. Bxb6 Ne6 19. Nxa5 Nd4 20. Nc4 Be6 21. Bxd4 exd4 22. Nd5 Qg5 23. Ndb6 Rd8 24. Rd3 h5 25. e5 h4 26. a5 Bf5 27. Rd2 Bxh3 28. Re4 Bxg2 29. Bxg2 h3 30. f4 Qg3 31. Nd6 hxg2 32. Rxg2 Qf3 33. Nbc4 d3 34. cxd3 Qxd3 35. Re1 Qd4+ 36. Rf2 Bh6 37. Re4 Qd1+ 38. Kg2 Qg4+ 39. Kf1 Qh3+ 40. Ke2 Qb3 41. Kf1 Qd3+ 42. Kg2 Bf8 43. Rd2 Qb1 44. Red4 Qe1 45. Re4 Qh4 46. Rd3 Bh6 47. Rh3 Qg4+ 48. Rg3 Qd1 49. f5 Kh7 50. Rh4 Qe2+ 51. Kh3 Qf1+ 52. Kh2 Qf2+ 53. Kh3 gxf5 54. Rxh6+ Kxh6 55. Nxf7+ Kh7 56. Nxd8 Qf1+ 57. Kh2 Qxc4 58. Nxb7 Qe2+ 59. Kh3 f4 60. Ra3 f3 61. Ra1 f2 0-1

[Event "FIDE World Cup American Qual Final"]
[White "Mareco,Sandro"]
[Black "Bachmann,Axel"]
[Site "Tornelo INT"]
[Round "2"]
[Annotator ""]
[Result "1/2-1/2"]
[Date "2021.05.30"]
[WhiteElo "2629"]
[BlackElo "2599"]
[PlyCount "71"]

1. d4 Nf6 2. c4 e6 3. Nf3 Bb4+ 4. Nbd2 O-O 5. a3 Be7 6. e4 d6 7. Be2 e5 8. O-O exd4 9. Nxd4 Nfd7 10. Rb1 Bf6 11. N4f3 Nc6 12. b4 a5 13. Bb2 Bxb2 14. Rxb2 axb4 15. axb4 Re8 16. Rb3 Nde5 17. Re1 Nxf3+ 18. Bxf3 Be6 19. b5 Ne5 20. Be2 Qf6 21. Rg3 Ra2 22. Rf1 Qf4 23. Re3 Rea8 24. g3 Qf6 25. f4 Ng4 26. Rd3 Ne3 27. e5 Nxd1 28. exf6 Nb2 29. Rd4 gxf6 30. f5 Bd7 31. Bf3 Bxf5 32. Bxb7 Bh3 33. Bxa8 Bxf1 34. Kxf1 Rxa8 35. b6 cxb6 36. Rxd6 1/2-1/2

[Event "FIDE World Cup American Qual Final"]
[White "Mekhitarian,Krikor Sevag"]
[Black "Bachmann,Axel"]
[Site "Tornelo INT"]
[Round "4"]
[Annotator ""]
[Result "0-1"]
[Date "2021.05.30"]
[WhiteElo "2554"]
[BlackElo "2599"]
[PlyCount "88"]

1. Nf3 Nf6 2. c4 e6 3. Nc3 Bb4 4. Qc2 c5 5. a3 Ba5 6. e3 O-O 7. d4 b6 8. Rb1 Nc6 9. Bd3 d5 10. dxc5 bxc5 11. O-O Bxc3 12. Qxc3 d4 13. exd4 Nxd4 14. Nxd4 cxd4 15. Qe1 Re8 16. Qe5 Bb7 17. b4 Ng4 18. Bxh7+ Kxh7 19. Qh5+ Kg8 20. Qxg4 e5 21. Bg5 Qd6 22. c5 Qg6 23. Qg3 Rac8 24. Rbc1 a6 25. Rfe1 Qf5 26. Bh6 Qf6 27. Bg5 Qf5 28. Bh6 Qf6 29. Bd2 Re6 30. Qg5 Qxg5 31. Bxg5 Bc6 32. Bd2 e4 33. Bf4 Ba4 34. Rc4 Rd8 35. Rec1 Bb3 36. Kf1 Bxc4+ 37. Rxc4 e3 38. fxe3 dxe3 39. Ke2 Rd2+ 40. Ke1 Rxg2 41. c6 e2 42. Bg3 Rg1+ 43. Kd2 Rxg3 44. Rc1 Rg2 0-1

[Event "FIDE World Cup American Qual Gp5"]
[White "Bachmann,Axel"]
[Black "Perez Ponsa,Federico"]
[Site "Tornelo INT"]
[Round "4.2"]
[Annotator ""]
[Result "1-0"]
[Date "2021.05.29"]
[WhiteElo "2599"]
[BlackElo "2554"]
[PlyCount "69"]

1. c4 c5 2. Nc3 b6 3. Nf3 Bb7 4. e3 Nf6 5. b3 e6 6. Bb2 Be7 7. Be2 d6 8. d4 Nbd7 9. O-O O-O 10. d5 exd5 11. cxd5 a6 12. a4 Ne8 13. e4 Bf6 14. Qc2 Rb8 15. Nd2 Ne5 16. f4 Ng6 17. Kh1 Bd4 18. Bd3 Nf6 19. Ne2 Bxb2 20. Qxb2 b5 21. axb5 axb5 22. Nc3 c4 23. bxc4 bxc4 24. Nxc4 Bxd5 25. Qd2 Ba8 26. Ra6 d5 27. exd5 Nh4 28. Qf2 Rb3 29. Rd6 Qc8 30. Qd4 Rxc3 31. Qxc3 Nxg2 32. Rxf6 Nh4 33. Be4 Re8 34. Rxf7 Qg4 35. Rg1 1-0

[Event "FIDE World Cup American Qual Gp5"]
[White "Perez Ponsa,Federico"]
[Black "Bachmann,Axel"]
[Site "Tornelo INT"]
[Round "4.1"]
[Annotator ""]
[Result "0-1"]
[Date "2021.05.28"]
[WhiteElo "2554"]
[BlackElo "2599"]
[PlyCount "83"]

1. e4 e5 2. Nf3 Nf6 3. Nxe5 d6 4. Nc4 Nxe4 5. Qe2 Qe7 6. Ne3 Be6 7. Nc3 Nxc3 8. bxc3 c6 9. g3 Qd7 10. Bg2 Be7 11. O-O Na6 12. f4 f5 13. Re1 Nc7 14. Rb1 O-O-O 15. Nc4 Bxc4 16. Qxc4 d5 17. Qb3 Nb5 18. Bf1 Rde8 19. d4 Bd8 20. Rxe8 Rxe8 21. Bd2 Nd6 22. c4 dxc4 23. Bxc4 Nb5 24. d5 Bb6+ 25. Kf1 Nc7 26. a4 Nxd5 27. a5 Bc5 28. Ba6 Re7 29. Qc4 Qd6 30. Rxb7 Rxb7 31. Qb3 Qe7 32. c4 Nb4 33. Bxb4 Bxb4 34. c5 Bxa5 35. Qg8+ Kc7 36. Qa8 Rb1+ 37. Kg2 Qe6 38. Qxa7+ Kd8 39. Qxg7 Rd1 40. Qf8+ Kc7 41. Qg7+ Rd7 42. Qg6 0-1

[Event "FIDE World Cup American Qual Gp5"]
[White "Aguero Jimenez,Luis Lazaro"]
[Black "Bachmann,Axel"]
[Site "Tornelo INT"]
[Round "3.2"]
[Annotator ""]
[Result "0-1"]
[Date "2021.05.27"]
[WhiteElo "2503"]
[BlackElo "2599"]
[PlyCount "58"]

1. e4 e5 2. Nf3 Nc6 3. Bb5 a6 4. Ba4 Nf6 5. O-O b5 6. Bb3 Bb7 7. d3 Be7 8. a4 O-O 9. Nc3 Na5 10. Ba2 b4 11. Nd5 Nxd5 12. Bxd5 Bxd5 13. exd5 d6 14. Re1 c5 15. dxc6 Nxc6 16. d4 exd4 17. Nxd4 Nxd4 18. Qxd4 a5 19. Rb1 Bf6 20. Qd3 Re8 21. Bf4 Rxe1+ 22. Rxe1 Bxb2 23. Bxd6 Bf6 24. Qe4 Rc8 25. Bc7 Qd7 26. Bxa5 Bc3 27. Rb1 Re8 28. Qc4 Qxa4 29. Bxb4 Qxb4 0-1

[Event "FIDE World Cup American Qual Gp5"]
[White "Bachmann,Axel"]
[Black "Aguero Jimenez,Luis Lazaro"]
[Site "Tornelo INT"]
[Round "3.1"]
[Annotator ""]
[Result "1/2-1/2"]
[Date "2021.05.26"]
[WhiteElo "2599"]
[BlackElo "2503"]
[PlyCount "100"]

1. c4 e5 2. Nc3 Nc6 3. g3 g6 4. Bg2 Bg7 5. e3 f5 6. Nge2 Nf6 7. d4 d6 8. b4 e4 9. Rb1 a5 10. a3 axb4 11. axb4 Ne7 12. Nf4 g5 13. Nh5 Nxh5 14. Qxh5+ Ng6 15. f3 exf3 16. Qxf3 O-O 17. O-O Kh8 18. Bd2 Ra3 19. Ra1 Rxa1 20. Rxa1 f4 21. Qh5 fxe3 22. Bxe3 Qe8 23. Qe2 Nf4 24. gxf4 gxf4 25. Bf2 Qxe2 26. Nxe2 f3 27. Bxf3 Rxf3 28. Ra8 Rf8 29. d5 Rg8 30. Bg3 Bh6 31. Ra3 Bd2 32. b5 Bh3 33. Kf2 Bg4 34. Nd4 Bb4 35. Rd3 Bc5 36. Kg2 Ra8 37. Be1 Rg8 38. Kf1 Rf8+ 39. Kg2 Rg8 40. Kf1 Rf8+ 41. Kg2 h5 42. Ne6 Bxe6 43. dxe6 Re8 44. Rd5 Rxe6 45. Rxh5+ Kg7 46. Bg3 Re2+ 47. Kf3 Re3+ 48. Kg2 Re2+ 49. Kf3 Re3+ 50. Kg2 Re2+ 1/2-1/2

[Event "FIDE World Cup American Qual Gp5"]
[White "Bachmann,Axel"]
[Black "Duran Vega,Sergio"]
[Site "Tornelo INT"]
[Round "2.2"]
[Annotator ""]
[Result "1/2-1/2"]
[Date "2021.05.25"]
[WhiteElo "2599"]
[BlackElo "2340"]
[PlyCount "80"]

1. Nf3 d5 2. g3 Bg4 3. Bg2 e6 4. O-O Nf6 5. d4 Be7 6. Nbd2 O-O 7. Re1 c5 8. e4 cxd4 9. exd5 Qxd5 10. h3 Bxf3 11. Bxf3 Qd7 12. Nb3 Rd8 13. Qxd4 Nd5 14. Qe4 Nc6 15. Qe2 Bf6 16. c3 Qc7 17. Rd1 a5 18. a4 Nce7 19. Nd4 Qb6 20. Nb5 Nf5 21. Bxd5 exd5 22. Qf3 Ne7 23. Bf4 Rd7 24. Rd3 Rad8 25. Rad1 Qc6 26. b3 Ng6 27. Re1 h6 28. h4 Re7 29. Rxe7 Bxe7 30. Bc7 Rd7 31. h5 Nf8 32. Bxa5 b6 33. Nd4 Qc7 34. Bb4 Bxb4 35. cxb4 Ne6 36. Nxe6 fxe6 37. Qg4 Qd6 38. Qg6 d4 39. Qe8+ Kh7 40. Qg6+ Kg8 1/2-1/2

[Event "FIDE World Cup American Qual Gp5"]
[White "Duran Vega,Sergio"]
[Black "Bachmann,Axel"]
[Site "Tornelo INT"]
[Round "2.1"]
[Annotator ""]
[Result "0-1"]
[Date "2021.05.24"]
[WhiteElo "2340"]
[BlackElo "2599"]
[PlyCount "70"]

1. d4 Nf6 2. c4 e6 3. Nf3 c5 4. d5 exd5 5. cxd5 d6 6. Nc3 g6 7. Bf4 a6 8. a4 Bg7 9. e3 O-O 10. h3 Qe7 11. Be2 Nbd7 12. O-O Rb8 13. a5 Ne8 14. Nd2 Ne5 15. Re1 f5 16. Bh2 Nc7 17. f4 Nf7 18. Nc4 Bd7 19. Bf3 Bb5 20. Qb3 Bxc4 21. Qxc4 b5 22. Qb3 Qh4 23. e4 Rbe8 24. e5 dxe5 25. d6 exf4 26. Re2 c4 27. Qb4 Bxc3 28. Qxc3 Rxe2 29. Bxe2 Nxd6 30. Qe5 Re8 31. Qxd6 Rxe2 32. Rf1 Qe7 33. Qxf4 Nd5 34. Qb8+ Qe8 35. Qb7 Qe4 0-1

[Event "Titled Tuesday intern op 27th Apr"]
[White "Bachmann,Axel"]
[Black "Ljukin,Sergei"]
[Site "Chess.com INT"]
[Round "4"]
[Annotator ""]
[Result "1-0"]
[Date "2021.04.27"]
[WhiteElo "2599"]
[BlackElo "2362"]
[PlyCount "45"]

1. e4 e6 2. d4 d5 3. Nc3 Bb4 4. Nge2 Nc6 5. a3 Ba5 6. b4 Bb6 7. Bb2 Nge7 8. g3 dxe4 9. Nxe4 Nf5 10. c3 e5 11. d5 Nce7 12. c4 a5 13. Bg2 f6 14. O-O O-O 15. Qd3 Ba7 16. Rad1 Nd6 17. c5 Nxe4 18. Bxe4 f5 19. Bg2 Ng6 20. Qc4 Kh8 21. h4 f4 22. Rd3 Bf5 23. h5 1-0

[Event "Sebinhoo Inv Online"]
[White "Bachmann,Axel"]
[Black "Bartel,Mateusz"]
[Site "chess24.com INT"]
[Round "1"]
[Annotator ""]
[Result "1-0"]
[Date "2020.12.22"]
[WhiteElo "2599"]
[BlackElo "2638"]
[PlyCount "79"]

1. c4 e5 2. Nc3 Nf6 3. Nf3 Nc6 4. g3 Bc5 5. Bg2 d6 6. O-O O-O 7. e3 Re8 8. d4 Bb6 9. h3 h6 10. b3 Bf5 11. Na4 Be4 12. Nxb6 axb6 13. d5 Nb4 14. a3 Nd3 15. Bd2 b5 16. cxb5 Nxd5 17. a4 Qf6 18. Ne1 Bxg2 19. Kxg2 Nc5 20. b4 Ne4 21. Qc2 Qg6 22. Nf3 Rec8 23. Rfc1 Ndf6 24. Be1 Qf5 25. a5 Qd7 26. Qe2 c6 27. b6 Nd5 28. Rab1 f5 29. b5 cxb5 30. Rxc8+ Rxc8 31. Qxb5 Qxb5 32. Rxb5 Ne7 33. Rb2 Kf7 34. Nd2 Nxd2 35. Bxd2 Ke6 36. h4 Nc6 37. Rc2 Ra8 38. Rxc6 bxc6 39. b7 Rb8 40. a6 1-0

[Event "Sebinhoo Inv Online"]
[White "Bachmann,Axel"]
[Black "Larino Nieto,David"]
[Site "chess24.com INT"]
[Round "7"]
[Annotator ""]
[Result "1/2-1/2"]
[Date "2020.12.22"]
[WhiteElo "2599"]
[BlackElo "2461"]
[PlyCount "100"]

1. e4 c6 2. d4 g6 3. h4 d5 4. e5 h5 5. Bd3 Nh6 6. Ne2 c5 7. dxc5 Nc6 8. Nbc3 Ng4 9. Bb5 e6 10. Bg5 Qc7 11. Bxc6+ bxc6 12. Qd4 Bg7 13. f4 Rb8 14. O-O-O O-O 15. Kb1 a5 16. Nc1 Rb4 17. Qd2 Ba6 18. a3 Rb7 19. Na4 Rfb8 20. Nb6 Bf8 21. Qxa5 Bb5 22. Nb3 Bxc5 23. Nxc5 Rxb6 24. b3 Be2 25. Kc1 Bxd1 26. Rxd1 Qc8 27. a4 Kh7 28. Rd3 Nf2 29. Rd4 Ne4 30. Qa7 Qe8 31. Nxe4 dxe4 32. Rd7 Kg8 33. Re7 Qf8 34. Kd2 c5 35. Ke3 c4 36. bxc4 Rc6 37. c5 Rbc8 38. Kxe4 Rxc5 39. Kf3 Rxc2 40. Kg3 Rb2 41. Qd7 Rcc2 42. Re8 Rxg2+ 43. Kf3 Rbf2+ 44. Ke3 Re2+ 45. Kf3 Rgf2+ 46. Kg3 Rg2+ 47. Kh3 Rh2+ 48. Kg3 Rhg2+ 49. Kh3 Rh2+ 50. Kg3 Rhg2+ 1/2-1/2

[Event "Sebinhoo Inv Online playoff"]
[White "Bachmann,Axel"]
[Black "Pichot,Alan"]
[Site "chess24.com INT"]
[Round "3"]
[Annotator ""]
[Result "1-0"]
[Date "2020.12.22"]
[WhiteElo "2599"]
[BlackElo "2630"]
[PlyCount "63"]

1. e4 c5 2. Nc3 Nc6 3. g3 g6 4. d3 Bg7 5. Be3 d6 6. Qd2 Rb8 7. a4 a6 8. Bg2 b5 9. axb5 axb5 10. Nge2 b4 11. Nd1 h5 12. h3 Nf6 13. f4 Bd7 14. O-O O-O 15. f5 Ne5 16. Bh6 Kh7 17. Bxg7 Kxg7 18. Ne3 Bc6 19. fxg6 fxg6 20. Nf4 Qd7 21. Ned5 Rf7 22. Ra6 e6 23. Nxf6 Rxf6 24. d4 Nc4 25. Qf2 Rbf8 26. e5 dxe5 27. Bxc6 Qf7 28. dxe5 Nxe5 29. Qxc5 Rf5 30. Ra7 Nf3+ 31. Bxf3 Rxc5 32. Nxe6+ 1-0

[Event "Sebinhoo Inv Online"]
[White "Bachmann,Axel"]
[Black "Tari,Aryan"]
[Site "chess24.com INT"]
[Round "3"]
[Annotator ""]
[Result "1-0"]
[Date "2020.12.22"]
[WhiteElo "2599"]
[BlackElo "2618"]
[PlyCount "77"]

1. c4 g6 2. Nc3 c5 3. g3 Bg7 4. Bg2 Nc6 5. d3 e6 6. e4 Nge7 7. Nge2 d6 8. O-O O-O 9. Be3 Nd4 10. Rb1 Nec6 11. a3 a5 12. Qd2 Nb3 13. Qd1 Nbd4 14. h3 f5 15. f4 Bd7 16. Nb5 Nxb5 17. cxb5 Nd4 18. Bxd4 cxd4 19. exf5 gxf5 20. Bxb7 Bxb5 21. Qb3 Bd7 22. Bxa8 Qxa8 23. Rbc1 Rb8 24. Qc2 Qd5 25. Qc7 Rb7 26. Qd8+ Bf8 27. Qg5+ Bg7 28. Qd8+ Bf8 29. Rf2 Bc6 30. Rxc6 Qxc6 31. Nxd4 Qd5 32. Qc8 Re7 33. Qc4 Qb7 34. Nxf5 Re8 35. Nd4 d5 36. Qc6 Qxc6 37. Nxc6 Rc8 38. Rc2 a4 39. Ne7+ 1-0

[Event "Sebinhoo Inv Online"]
[White "Bachmann,Axel"]
[Black "Van Foreest,Jorden"]
[Site "chess24.com INT"]
[Round "5"]
[Annotator ""]
[Result "1-0"]
[Date "2020.12.22"]
[WhiteElo "2599"]
[BlackElo "2671"]
[PlyCount "87"]

1. e4 c5 2. Nc3 Nc6 3. g3 d6 4. Bg2 g6 5. d3 Bg7 6. Be3 Rb8 7. a4 a6 8. Qd2 b5 9. axb5 axb5 10. Nge2 b4 11. Nd1 Nd4 12. O-O Nxe2+ 13. Qxe2 Nf6 14. e5 dxe5 15. Bxc5 O-O 16. Qxe5 Nd7 17. Qxe7 Nxc5 18. Qxc5 Be6 19. Qe3 Qc7 20. Qd2 Rfc8 21. c3 bxc3 22. bxc3 h5 23. d4 h4 24. Re1 h3 25. Rxe6 fxe6 26. Bxh3 Rb6 27. Qe2 Re8 28. Ra6 Kh7 29. Rxb6 Qxb6 30. d5 e5 31. Be6 Rf8 32. Ne3 Qb1+ 33. Qf1 Qb2 34. Ng4 Bh6 35. Qc4 Qb1+ 36. Kg2 Bg7 37. Nxe5 Rxf2+ 38. Kxf2 Bxe5 39. Qh4+ Kg7 40. Qe7+ Kh6 41. Qf8+ Kh5 42. g4+ Kg5 43. h4+ Kxh4 44. Qh6# 1-0

[Event "Sebinhoo Inv Online"]
[White "Christiansen,Johan Sebastian"]
[Black "Bachmann,Axel"]
[Site "chess24.com INT"]
[Round "6"]
[Annotator ""]
[Result "1-0"]
[Date "2020.12.22"]
[WhiteElo "2610"]
[BlackElo "2599"]
[PlyCount "117"]

1. e4 g6 2. d4 Bg7 3. Nc3 c6 4. Nf3 d6 5. h3 Nf6 6. Bd3 O-O 7. O-O Nbd7 8. e5 dxe5 9. dxe5 Nd5 10. Nxd5 cxd5 11. Re1 Nc5 12. b4 Nxd3 13. cxd3 Qb6 14. Qb3 d4 15. Bb2 Be6 16. Bxd4 Qb5 17. Qa3 Rfd8 18. Rac1 a5 19. bxa5 Bd5 20. Rc5 Qd7 21. e6 Bxe6 22. Bxg7 Kxg7 23. Ne5 Qd6 24. Qc3 Kg8 25. Rc7 Rdc8 26. Rxc8+ Rxc8 27. Qb2 Qd5 28. a4 Qxa5 29. Re4 Bf5 30. Rb4 Rc2 31. Qd4 Qc7 32. Rc4 Rc1+ 33. Rxc1 Qxc1+ 34. Kh2 Qc7 35. f4 h5 36. Kg3 Be6 37. Kh4 Kh7 38. Nf3 f6 39. g4 hxg4 40. hxg4 Bd7 41. Qe3 Bc6 42. Nd4 g5+ 43. Kh3 gxf4 44. Qe6 Kg7 45. g5 Bd7 46. gxf6+ Kh8 47. f7 Qc8 48. f8=Q+ Qxf8 49. Qxd7 Qh6+ 50. Kg4 Qg7+ 51. Kf3 Qg3+ 52. Ke4 Qe3+ 53. Kd5 Qxd3 54. Qe8+ Kg7 55. Qxe7+ Kg6 56. Qe4+ Qxe4+ 57. Kxe4 Kg5 58. Ne6+ Kf6 59. Nxf4 1-0

[Event "Sebinhoo Inv Online"]
[White "Pichot,Alan"]
[Black "Bachmann,Axel"]
[Site "chess24.com INT"]
[Round "4"]
[Annotator ""]
[Result "1/2-1/2"]
[Date "2020.12.22"]
[WhiteElo "2630"]
[BlackElo "2599"]
[PlyCount "67"]

1. e4 g6 2. d4 Bg7 3. c4 c5 4. Nf3 d6 5. Nc3 Nc6 6. dxc5 dxc5 7. Qxd8+ Kxd8 8. Bf4 Bxc3+ 9. bxc3 Nf6 10. O-O-O+ Ke8 11. e5 Ne4 12. Be3 Nxc3 13. Rd2 Bf5 14. Kb2 Ne4 15. Rd1 Rd8 16. Be2 f6 17. exf6 exf6 18. Rd5 Be6 19. Rxd8+ Kxd8 20. Bd3 Nd6 21. Bxc5 Nxc4+ 22. Bxc4 Bxc4 23. Rc1 b5 24. a4 Re8 25. axb5 Re2+ 26. Rc2 Rxc2+ 27. Kxc2 Bxb5 28. Nd4 Ba4+ 29. Kc3 Kd7 30. Nxc6 Bxc6 31. Bxa7 Bxg2 32. Kd2 Ke6 33. Ke3 Kf5 34. f3 1/2-1/2

[Event "Sebinhoo Inv Online"]
[White "Shankland,Samuel L"]
[Black "Bachmann,Axel"]
[Site "chess24.com INT"]
[Round "2"]
[Annotator ""]
[Result "1/2-1/2"]
[Date "2020.12.22"]
[WhiteElo "2691"]
[BlackElo "2599"]
[PlyCount "112"]

1. e4 g6 2. d4 Bg7 3. c4 c5 4. d5 d6 5. Nc3 e6 6. Nf3 Ne7 7. Be2 O-O 8. O-O exd5 9. cxd5 a6 10. a4 h6 11. h3 f5 12. Re1 g5 13. exf5 Bxf5 14. Bd3 Nd7 15. Ra3 Rb8 16. Ne4 Ng6 17. Nxd6 Bxd3 18. Rxd3 Nde5 19. Nxe5 Nxe5 20. Ne4 Nxd3 21. Qxd3 Qa5 22. Re2 Qxa4 23. Nxc5 Qd4 24. Qxd4 Bxd4 25. Ne6 Rfc8 26. Bxg5 Bxf2+ 27. Kxf2 hxg5 28. d6 Rc1 29. d7 Rd1 30. d8=Q+ Rbxd8 31. Nxd8 Rxd8 32. Kg3 Rd4 33. Re5 Rb4 34. Rxg5+ Kh7 35. Rc5 Rxb2 36. h4 b5 37. Rc7+ Kg6 38. Kh3 a5 39. Rc6+ Kf7 40. h5 a4 41. Ra6 Rb3+ 42. Kh4 a3 43. g4 b4 44. h6 Rb1 45. Kg5 Rh1 46. Ra7+ Ke6 47. Kg6 b3 48. Rxa3 b2 49. Re3+ Kd5 50. Rb3 b1=Q+ 51. Rxb1 Rxb1 52. h7 Rh1 53. Kg7 Ke5 54. h8=Q Rxh8 55. Kxh8 Kf4 56. Kg8 Kxg4 1/2-1/2

[Event "Sebinhoo Inv Online playoff"]
[White "Shankland,Samuel L"]
[Black "Bachmann,Axel"]
[Site "chess24.com INT"]
[Round "2"]
[Annotator ""]
[Result "1/2-1/2"]
[Date "2020.12.22"]
[WhiteElo "2691"]
[BlackElo "2599"]
[PlyCount "96"]

1. e4 g6 2. d4 Bg7 3. c4 c5 4. d5 d6 5. Nc3 e6 6. Nf3 Ne7 7. Be2 exd5 8. cxd5 O-O 9. O-O a6 10. a4 h6 11. h3 f5 12. Re1 g5 13. exf5 Bxf5 14. h4 gxh4 15. Nxh4 Nd7 16. Bf4 Ne5 17. Qd2 N7g6 18. Nxg6 Bxg6 19. Bxh6 Qh4 20. Be3 Rae8 21. f4 Ng4 22. Bxg4 Qxg4 23. Re2 Rxe3 24. Rxe3 Bd4 25. Ne2 Bxe3+ 26. Qxe3 Re8 27. Qg3 Qxg3 28. Nxg3 Re3 29. Kf2 Rb3 30. f5 Rxb2+ 31. Ke3 Bf7 32. Ne4 Rxg2 33. Nxd6 Bxd5 34. Rc1 Bc6 35. a5 Kg7 36. Rxc5 Kf6 37. Ne4+ Bxe4 38. Kxe4 Rg4+ 39. Kd5 Rf4 40. Kd6 Rxf5 41. Rxf5+ Kxf5 42. Kc7 Ke6 43. Kxb7 Kd7 44. Kxa6 Kc8 45. Ka7 Kc7 46. a6 Kc8 47. Ka8 Kc7 48. a7 Kc8 1/2-1/2

[Event "Titled Tuesday intern op 15st Dec"]
[White "Bachmann,Axel"]
[Black "Abrashkin,Boris Vladimirovich"]
[Site "Chess.com INT"]
[Round "1"]
[Annotator ""]
[Result "1-0"]
[Date "2020.12.15"]
[WhiteElo "2599"]
[BlackElo "2407"]
[PlyCount "59"]

1. e4 Nc6 2. Nf3 d6 3. d4 Nf6 4. Nc3 Bg4 5. d5 Nb8 6. h3 Bxf3 7. Qxf3 g6 8. g4 Bg7 9. Be3 c6 10. O-O-O cxd5 11. exd5 Nbd7 12. Kb1 Rc8 13. Bd4 Ne5 14. Qe2 O-O 15. g5 Nh5 16. Qe4 Qa5 17. Be2 Rc7 18. Bxh5 gxh5 19. f4 Nc4 20. Bxg7 Kxg7 21. Rd3 Rfc8 22. Re1 Kg8 23. Re2 Nxb2 24. Kxb2 Rxc3 25. Rxc3 Qxc3+ 26. Kb1 Rc7 27. f5 Rc4 28. Qxe7 Qb4+ 29. Kc1 Qa3+ 30. Kd1 1-0

[Event "Titled Tuesday intern op 15st Dec"]
[White "Freitag,Manfred"]
[Black "Bachmann,Axel"]
[Site "Chess.com INT"]
[Round "2"]
[Annotator ""]
[Result "1-0"]
[Date "2020.12.15"]
[WhiteElo "2356"]
[BlackElo "2599"]
[PlyCount "79"]

1. d4 Nf6 2. c4 e6 3. Nc3 Bb4 4. f3 c5 5. d5 O-O 6. e4 d6 7. Nge2 Re8 8. dxe6 Bxe6 9. Nf4 Nc6 10. Be2 Bxc3+ 11. bxc3 Qa5 12. O-O Qxc3 13. Rb1 Bxc4 14. Bxc4 Qxc4 15. Rxb7 Nd4 16. Be3 h6 17. Bxd4 cxd4 18. Qd2 Rec8 19. Rd1 Qa4 20. Rb4 Qa3 21. Rxd4 Rc6 22. Rd3 Qa4 23. Rd4 Qa3 24. Rd3 Qa6 25. h3 Rac8 26. Qf2 Rc2 27. Qg3 R8c6 28. a3 Qb6+ 29. Kh2 Kh7 30. Nd5 Nxd5 31. Rxd5 Qb2 32. Rxd6 Rxd6 33. Rxd6 Qxa3 34. Rd7 Qa2 35. h4 a5 36. h5 a4 37. Qg4 Rc5 38. f4 a3 39. f5 Qb2 40. Qg6+ 1-0

[Event "Titled Tuesday intern op 17th Nov"]
[White "Bachmann,Axel"]
[Black "Bodnaruk,Anastasia"]
[Site "Chess.com INT"]
[Round "4"]
[Annotator ""]
[Result "0-1"]
[Date "2020.11.17"]
[WhiteElo "2599"]
[BlackElo "2414"]
[PlyCount "78"]

1. e4 c5 2. Nc3 d6 3. g3 Nc6 4. Bg2 g6 5. d3 Bg7 6. Be3 Rb8 7. a4 e6 8. Qd2 Nge7 9. h4 h5 10. Nh3 Nd4 11. O-O O-O 12. Rac1 Nec6 13. Bh6 Ne5 14. Kh1 a6 15. Bxg7 Kxg7 16. f4 Ng4 17. Nf2 f5 18. Nxg4 hxg4 19. exf5 gxf5 20. Rfe1 Bd7 21. Ne2 Rh8 22. Nxd4 cxd4 23. Qf2 Qf6 24. c3 Bxa4 25. cxd4 Rhc8 26. Rc3 Rxc3 27. bxc3 Bd7 28. c4 b5 29. c5 d5 30. Qe3 b4 31. Ra1 b3 32. Rb1 a5 33. Qe1 a4 34. Qa5 Qd8 35. Qxd8 Rxd8 36. Bf1 Rb8 37. Be2 a3 38. Bd1 a2 39. Ra1 b2 0-1

[Event "Titled Tuesday intern op 17th Nov"]
[White "Bachmann,Axel"]
[Black "David,Alexandru Vasile"]
[Site "Chess.com INT"]
[Round "3"]
[Annotator ""]
[Result "1-0"]
[Date "2020.11.17"]
[WhiteElo "2599"]
[BlackElo "2428"]
[PlyCount "77"]

1. d4 d5 2. c4 e6 3. Nf3 Nf6 4. g3 dxc4 5. Bg2 Nbd7 6. O-O c6 7. a4 b6 8. Qc2 Ba6 9. Rd1 Rc8 10. e4 Be7 11. Nbd2 O-O 12. Nxc4 Nxe4 13. Nxb6 Qxb6 14. Qxe4 Nf6 15. Qe1 c5 16. a5 Qb4 17. Bd2 Qxb2 18. Ne5 cxd4 19. Nc6 Bc5 20. Rdb1 Qc2 21. Rc1 Qf5 22. Bb4 Bxb4 23. Qxb4 Kh8 24. Qxd4 Nd5 25. Nxa7 Ra8 26. Nc6 h6 27. h3 Nf6 28. Qe5 Qd3 29. Nb4 Qb3 30. Rcb1 Qc4 31. Bxa8 Rxa8 32. Nxa6 Rxa6 33. Qb5 Qxb5 34. Rxb5 Nd5 35. Kf1 g5 36. Rc5 Kg7 37. Rb1 Kf6 38. Rb7 h5 39. Rxd5 1-0

[Event "Titled Tuesday intern op 17th Nov"]
[White "Bachmann,Axel"]
[Black "De Silva,LMST."]
[Site "Chess.com INT"]
[Round "8"]
[Annotator ""]
[Result "0-1"]
[Date "2020.11.17"]
[WhiteElo "2599"]
[BlackElo "2085"]
[PlyCount "82"]

1. e4 e5 2. Nf3 Nc6 3. Bc4 Nf6 4. Ng5 d5 5. exd5 Na5 6. Bb5+ c6 7. dxc6 bxc6 8. Bd3 Ng4 9. Nf3 Bc5 10. O-O f5 11. Be2 e4 12. Ne1 Nxf2 13. Rxf2 Qd4 14. Bh5+ g6 15. Qe2 Qxf2+ 16. Qxf2 Bxf2+ 17. Kxf2 gxh5 18. d3 O-O 19. Bf4 Be6 20. Nc3 Bd5 21. g3 Nb7 22. Ng2 exd3 23. cxd3 Rfe8 24. Ne3 Nc5 25. Rd1 Be6 26. b3 Rad8 27. d4 Ne4+ 28. Nxe4 fxe4 29. Be5 Bg4 30. Rc1 Rf8+ 31. Ke1 Rf3 32. Nxg4 hxg4 33. Rxc6 Rd7 34. Rc8+ Kf7 35. Rh8 Ke6 36. Ke2 Kd5 37. Rg8 h5 38. Rg5 Rdf7 39. Bh8+ R3f5 40. Rxh5 Rxh5 41. Be5 Rxe5 0-1

[Event "Titled Tuesday intern op 17th Nov"]
[White "Bachmann,Axel"]
[Black "Matthiesen,Martin"]
[Site "Chess.com INT"]
[Round "9"]
[Annotator ""]
[Result "1/2-1/2"]
[Date "2020.11.17"]
[WhiteElo "2599"]
[BlackElo "2296"]
[PlyCount "47"]

1. e4 e5 2. Nf3 Nc6 3. d4 exd4 4. Nxd4 Nf6 5. Nxc6 bxc6 6. e5 Qe7 7. Qe2 Nd5 8. Nd2 g6 9. c4 Ba6 10. Nf3 Bg7 11. Bg5 f6 12. exf6 Qxe2+ 13. Bxe2 Nxf6 14. O-O-O Rb8 15. Rhe1 O-O 16. Bxf6 Bxf6 17. b3 d6 18. Bd3 c5 19. Be4 Bc8 20. Bd5+ Kg7 21. Be6 Bb7 22. Bd5 Bc8 23. Be6 Bb7 24. Bd5 1/2-1/2